Normal view
MARC view
Entry Topical Term
001 - CONTROL NUMBER
- control field: 91251
003 - CONTROL NUMBER IDENTIFIER
- control field: BDCtgAUW
005 - DATE AND TIME OF LATEST TRANSACTION
- control field: 20260310161023.0
008 - FIXED-LENGTH DATA ELEMENTS
- fixed length control field: 260310|| aca||aabn | a|a d
040 ## - CATALOGING SOURCE
- Original cataloging agency: BDCtgAUW
- Transcribing agency: BDCtgAUW
150 ## - HEADING--TOPICAL TERM
- Topical term or geographic name entry element: Thinking
670 ## - SOURCE DATA FOUND
- Source citation: Work cat.: (BDCtgAUW)16341: Wiest, Brianna, author. 77094, 101 essays that will change the way you think /